| 000 | 01334nam a2200313 a 4500 | ||
|---|---|---|---|
| 999 |
_c490744 _d490744 |
||
| 003 | BLK | ||
| 005 | 20250313005554.0 | ||
| 008 | 230502b bul|||||r ||||||| ||bul|| | ||
| 020 | _a9789540915999 | ||
| 040 | _aBLK | ||
| 041 |
_aBUL _cBUL |
||
| 080 |
_aБългарска литература _b821.163.2 _x(081.1) _z821.163.2(081.1) |
||
| 080 |
_aЛитература _b82 _x-1.081 _z82-1.081 |
||
| 100 | 1 |
_aЛевчев, Любомир Спиридонов _d1935 - 2019 _gПоет, писател _988160 |
|
| 139 |
_aЛевчев, Любомир Спиридонов _bЛ 36 |
||
| 245 | 1 | 0 |
_aСъчинения _bВ 9 т. _cЛюбомир Спиридонов Левчев. _nТ. 5 _pОпасната свобода |
| 257 | _aBGR | ||
| 260 |
_c2023 _9209473 _aСофия _bЗахарий Стоянов _fСофия : Миг принт _n978-954-739- ; 978-954-09- ; 954-9559- |
||
| 300 |
_c22 см _a520 с. |
||
| 380 | _aX | ||
| 760 | 1 |
_aЛевчев, Любомир Спиридонов _dЗахарий Стоянов, 2023 _h520 с. _tТ. 4 Опасната свобода |
|
| 852 |
_aЦб 317695 _bЦб |
||
| 856 | 4 |
_qpdf _i0.00 _ldisable |
|
| 856 | 4 |
_qpdf _i0.00 _ldisable |
|
| 942 |
_cKNG _n0 _s1 |
||
| 944 |
_aCR _c2023-05-02 _k _lCRON CRON |
||
| 944 |
_aED _c2023-05-05 _kВП |
||
| 999 | _d490744 | ||